Introduction to computer security / (Record no. 189532)
[ view plain ]
| 000 -LEADER | |
|---|---|
| fixed length control field | 01134 a2200181 4500 |
| 003 - CONTROL NUMBER IDENTIFIER | |
| control field | Nust |
| 005 - DATE AND TIME OF LATEST TRANSACTION | |
| control field | 20221019142036.0 |
| 020 ## - INTERNATIONAL STANDARD BOOK NUMBER | |
| International Standard Book Number | 9788177584257 |
| 040 ## - CATALOGING SOURCE | |
| Transcribing agency | Nust |
| 082 ## - DEWEY DECIMAL CLASSIFICATION NUMBER | |
| Classification number | 005.8,BIS |
| 100 ## - MAIN ENTRY--PERSONAL NAME | |
| Personal name | Bishop, Matt |
| 9 (RLIN) | 67702 |
| 245 ## - TITLE STATEMENT | |
| Title | Introduction to computer security / |
| Statement of responsibility, etc. | Matt Bishop |
| 260 ## - PUBLICATION, DISTRIBUTION, ETC. | |
| Place of publication, distribution, etc. | India |
| Name of publisher, distributor, etc. | Pearsons |
| Date of publication, distribution, etc. | 2006 |
| 300 ## - PHYSICAL DESCRIPTION | |
| Extent | xxix,585p. |
| 505 ## - FORMATTED CONTENTS NOTE | |
| Formatted contents note | An Overview of Computer Security (Page-1), Information and Security Policies (Page-26), Basic Cryptography (Page-67), Cipher Techniques (Page-89), Authentication (Page-112), Integrity Policies (Page-137), Design Principles (Page-155), Representing Identity (Page-165), Access Control Mechanisms (Page-186), Intrusion Detection (Page-207), Evaluating Systems (Page-225), Malicious Logic (Page-252), Vulerability Analysis (Page-275), Auditing (Page-305), Intrusion Detection (Page-331), Network Security (Page-359), System Security (Page-385), User Security (Page-418), Program Security (Page-439), Lattices (Page-485), The Extended Euclidean Algorithm (Page-488), Virtual Machines (Page-493). |
| 650 ## - SUBJECT ADDED ENTRY--TOPICAL TERM | |
| Topical term or geographic name entry element | computer security |
| 9 (RLIN) | 570 |
| 942 ## - ADDED ENTRY ELEMENTS (KOHA) | |
| Source of classification or shelving scheme | |
| Koha item type | Book |
| Call number prefix | 005.8,BIS |
| Withdrawn status | Lost status | Source of classification or shelving scheme | Damaged status | Not for loan | Permanent Location | Current Location | Shelving location | Date acquired | Total Checkouts | Total Renewals | Full call number | Barcode | Date last seen | Date last checked out | Price effective from | Koha item type | Public note |
|---|---|---|---|---|---|---|---|---|---|---|---|---|---|---|---|---|---|
| Military College of Signals (MCS) | Military College of Signals (MCS) | General Stacks | 12/12/2016 | 8 | 1 | 005.8,BIS | MCS35226 | 01/26/2026 | 10/03/2025 | 12/12/2016 | Book | Almirah No.8 Shelf No.6 | |||||
| Military College of Signals (MCS) | Military College of Signals (MCS) | General Stacks | 12/12/2016 | 4 | 005.8,BIS | MCS36839 | 12/26/2025 | 11/06/2025 | 12/12/2016 | Book | Almirah No.8 Shelf No.3 |
